| 000 | 00804nam0a2200277 4500 | ||
|---|---|---|---|
| 001 | RU\NLR\bibl\1722495 | ||
| 005 | 20250616072707.0 | ||
| 010 |
_a978-5-85957-077-5 _91000 |
||
| 021 |
_aRU _b2010-97374 _96571 |
||
| 035 | _a(NLR Aleph) 001713479 | ||
| 090 |
_a1294787 _c1294787 |
||
| 100 | _a20110113d2010 |||y0rusy50 ca | ||
| 101 | 0 | _arus | |
| 102 | _aRU | ||
| 105 | _aa ||||||||| | ||
| 200 | 1 |
_aУрок физкультуры _fЯ. Е. Савченко |
|
| 210 |
_aНовосибирск _cОфсет _d2010 |
||
| 215 |
_a16 с. _cил. _d20 |
||
| 686 | _aШ6(2=Р)8-51 | ||
| 700 | 1 |
_aСавченко _bЯ. Е. _gЯков Евгеньевич _4070 |
|
| 801 | 0 |
_aRU _bNLR _c20110113 _gRCR |
|
| 801 | 1 |
_aRU _bNLR _c20110113 |
|
| 942 | _cBOOK | ||
| 980 | _aNB | ||